| 000 | 00801nam a2200193 a 4500 | ||
|---|---|---|---|
| 001 | BRCA_2106 | ||
| 005 | 20190320203654.0 | ||
| 008 | 110808s1991----mx-a---###---#000-0#spa-# | ||
| 050 | 4 |
_aF1391.P8 _b.L43 48 _c1991 |
|
| 100 | 1 |
_aCarrera Sánchez, Elisa del Carmen _96385 |
|
| 245 | 1 | 0 |
_aNarrativa sobre la Puebla de los Ángeles _brecopilación y estudio de leyenda poblana _cElisa del Carmen Carrera Sánchez, Alma Yolanda Castillo Rojas. |
| 260 |
_aPuebla, México _bGobierno del Estado de Puebla : Secretaría de Cultura : Comisión Puebla V Centenario _c1991 |
||
| 300 |
_a31 p. _bil. _c21 cm. |
||
| 440 | 0 |
_aLecturas Históricas de Puebla _n48 _96386 |
|
| 504 | _aBibliografía: p. 30-31 | ||
| 651 | 4 |
_aPuebla (México) _xHistoria _9409 |
|
| 700 | 1 |
_aCastillo Rojas, Alma Yolanda _96387 |
|
| 942 |
_2lcc _cB |
||
| 999 |
_c1863 _d1863 |
||